[Event "Speed Chess Super Swiss"]
[Site "chess.com INT"]
[Date "2020.10.03"]
[Round "8"]
[White "Usmanov, Vasily"]
[Black "Kamsky, Gata"]
[Result "0-1"]
[WhiteElo "2436"]
[BlackElo "2672"]
[PlyCount "94"]
[EventDate "2020.10.03"]
[EventType "swiss (blitz)"]
[EventRounds "15"]
[EventCountry "USA"]
[SourceTitle "EXT 2021"]
[Source "ChessBase"]
[SourceDate "2020.10.23"]
[SourceVersion "1"]
[SourceVersionDate "2020.10.23"]
[SourceQuality "1"]

1. d4 b6 2. e4 Bb7 3. Nc3 e6 4. a3 g6 5. Nf3 Bg7 6. Bg5 Ne7 7. Qd2 h6 8. Be3 d6
9. g3 Nd7 10. Bg2 Nf6 11. e5 Nfd5 12. Nxd5 Nxd5 13. O-O b5 14. Rad1 Nxe3 15.
Qxe3 O-O 16. h4 Qe7 17. Nd2 Bxg2 18. Kxg2 Rad8 19. c3 dxe5 20. dxe5 Rd5 21. Nf3
Rfd8 22. Rd4 c5 23. Rxd5 Rxd5 24. Re1 c4 25. Re2 Qd7 26. Rd2 Rxd2 27. Nxd2 Qd5+
28. Nf3 a5 29. Kf1 Bf8 30. Ke2 Bc5 31. Nd4 Bxd4 32. Qxd4 Qxd4 33. cxd4 b4 34.
axb4 axb4 35. g4 Kf8 36. f4 Ke7 37. Ke3 h5 38. gxh5 gxh5 39. d5 exd5 40. f5 Kd7
41. Kd4 Kc6 42. Ke3 Kc5 43. Ke2 d4 44. Kd2 Kd5 45. e6 fxe6 46. f6 Kd6 47. f7
Ke7 0-1

[Event "Speed Chess Super Swiss"]
[Site "chess.com INT"]
[Date "2020.10.03"]
[Round "9"]
[White "Kamsky, Gata"]
[Black "Javakhadze, Zurab"]
[Result "1-0"]
[WhiteElo "2672"]
[BlackElo "2441"]
[PlyCount "83"]
[EventDate "2020.10.03"]
[EventType "swiss (blitz)"]
[EventRounds "15"]
[EventCountry "USA"]
[SourceTitle "EXT 2021"]
[Source "ChessBase"]
[SourceDate "2020.10.23"]
[SourceVersion "1"]
[SourceVersionDate "2020.10.23"]
[SourceQuality "1"]

1. d4 Nf6 2. Nf3 e6 3. Bf4 Be7 4. e3 Nh5 5. Bg3 Nxg3 6. hxg3 h6 7. Nbd2 c5 8.
c3 Nc6 9. Bd3 d5 10. g4 a6 11. Qe2 cxd4 12. exd4 Bd7 13. Qe3 Qb6 14. O-O-O
O-O-O 15. Kb1 Kb8 16. g5 hxg5 17. Nxg5 Rxh1 18. Rxh1 Rf8 19. f4 Nd8 20. Ngf3
Bd6 21. Rh7 g6 22. Ne5 Bb5 23. Bc2 Ka7 24. g4 Qc7 25. g5 Qb6 26. Nb3 a5 27. Nc5
Bxe5 28. Qxe5 Re8 29. a4 Bc6 30. Qd6 Rg8 31. Bd3 Re8 32. b3 Ka8 33. Kb2 Ka7 34.
Ka3 Ka8 35. b4 axb4+ 36. cxb4 Qa7 37. Qc7 Qb8 38. Qxb8+ Kxb8 39. b5 b6 40. Na6+
Kb7 41. bxc6+ Nxc6 42. Rxf7+ 1-0

[Event "Speed Chess Super Swiss"]
[Site "chess.com INT"]
[Date "2020.10.03"]
[Round "10"]
[White "Smirnov, Pavel"]
[Black "Kamsky, Gata"]
[Result "1-0"]
[WhiteElo "2544"]
[BlackElo "2672"]
[PlyCount "67"]
[EventDate "2020.10.03"]
[EventType "swiss (blitz)"]
[EventRounds "15"]
[EventCountry "USA"]
[SourceTitle "EXT 2021"]
[Source "ChessBase"]
[SourceDate "2020.10.23"]
[SourceVersion "1"]
[SourceVersionDate "2020.10.23"]
[SourceQuality "1"]

1. d4 g6 2. e4 Bg7 3. Nc3 b6 4. f4 Bb7 5. Nf3 e6 6. Bd3 f5 7. O-O Nf6 8. Qe2
O-O 9. e5 Nd5 10. Nxd5 Bxd5 11. c4 Bb7 12. Be3 Nc6 13. Rad1 d6 14. Ng5 Re8 15.
d5 exd5 16. cxd5 Ne7 17. Ne6 Qc8 18. Nxg7 Kxg7 19. Bc4 Ng8 20. Bd4 Kf8 21. Qf2
Qd8 22. Rfe1 Qe7 23. exd6 Qxd6 24. Be5 Qb4 25. Qd4 b5 26. Bb3 Qxd4+ 27. Rxd4
Rac8 28. Rc1 c5 29. Bd6+ Kg7 30. Rxc5 Rxc5 31. Bxc5 a5 32. d6 Nf6 33. d7 Rd8
34. Be7 1-0

[Event "Speed Chess Super Swiss"]
[Site "chess.com INT"]
[Date "2020.10.03"]
[Round "11"]
[White "Kamsky, Gata"]
[Black "Rychkov, Oleg"]
[Result "1-0"]
[WhiteElo "2672"]
[BlackElo "2407"]
[PlyCount "89"]
[EventDate "2020.10.03"]
[EventType "swiss (blitz)"]
[EventRounds "15"]
[EventCountry "USA"]
[SourceTitle "EXT 2021"]
[Source "ChessBase"]
[SourceDate "2020.10.23"]
[SourceVersion "1"]
[SourceVersionDate "2020.10.23"]
[SourceQuality "1"]

1. d4 d6 2. Nf3 g6 3. c3 Bg7 4. Bg5 h6 5. Bh4 Nd7 6. e4 c5 7. d5 Ngf6 8. Nbd2
a6 9. a4 Ne5 10. Nxe5 dxe5 11. f3 O-O 12. Be2 Ne8 13. Bf2 Qc7 14. Qb3 Nd6 15.
Qa3 c4 16. Qc5 Qd8 17. Nxc4 f5 18. Qb6 Qd7 19. Bc5 Nxc4 20. Bxc4 fxe4 21. d6+
e6 22. fxe4 Rf4 23. Bd3 Bf8 24. g3 Rf3 25. Be2 Rf7 26. a5 Qc6 27. Qxc6 bxc6 28.
O-O-O Bd7 29. b4 h5 30. Rhf1 Bh6+ 31. Kc2 Rxf1 32. Rxf1 Bg5 33. h4 Bh6 34. Bb6
Bf8 35. Bc7 Kg7 36. Kb3 Bc8 37. Kc4 Bd7 38. Kc5 Kh6 39. Kb6 g5 40. Rf6+ Kg7 41.
hxg5 Kg8 42. Bxh5 Bg7 43. Rf1 Bf8 44. Kb7 Rc8 45. Rf7 1-0

[Event "Speed Chess Super Swiss"]
[Site "chess.com INT"]
[Date "2020.10.03"]
[Round "12"]
[White "Mikhailovsky, Vladimir"]
[Black "Kamsky, Gata"]
[Result "0-1"]
[WhiteElo "2228"]
[BlackElo "2672"]
[PlyCount "126"]
[EventDate "2020.10.03"]
[EventType "swiss (blitz)"]
[EventRounds "15"]
[EventCountry "USA"]
[SourceTitle "EXT 2021"]
[Source "ChessBase"]
[SourceDate "2020.10.23"]
[SourceVersion "1"]
[SourceVersionDate "2020.10.23"]
[SourceQuality "1"]

1. e4 c5 2. d4 cxd4 3. c3 Nf6 4. e5 Nd5 5. Nf3 Nc6 6. Bc4 Nb6 7. Bb3 d5 8. exd6
Qxd6 9. O-O Be6 10. Na3 dxc3 11. Qe2 Bxb3 12. Nb5 Qb8 13. axb3 e5 14. Bf4 f6
15. bxc3 Be7 16. Be3 O-O 17. Nh4 g6 18. Rfd1 Qc8 19. h3 Kg7 20. Bxb6 axb6 21.
Rxa8 Qxa8 22. Rd7 Rd8 23. Qg4 Rxd7 24. Qxd7 Qd8 25. Qxb7 Na5 26. Qf3 Nxb3 27.
c4 Nd4 28. Qb7 Nxb5 29. cxb5 Kf7 30. Nf3 Qd6 31. Qc8 Kg7 32. Qb7 h5 33. Nd2
Qxd2 34. Qxe7+ Kh6 35. Qxf6 Qc1+ 36. Kh2 Qf4+ 37. Qxf4+ exf4 38. Kg1 Kg5 39.
Kf1 Kf5 40. Ke2 Ke4 41. Kd2 Kd4 42. Ke2 Ke4 43. Kd2 g5 44. Ke2 g4 45. hxg4 hxg4
46. Kd2 Kd4 47. Ke2 Kc4 48. Kd2 Kxb5 49. Kd3 Kc5 50. Ke4 g3 51. f3 b5 52. Kxf4
Kd4 53. Kxg3 b4 54. Kg4 b3 55. f4 b2 56. Kg5 b1=Q 57. g4 Qg1 58. f5 Ke5 59. Kh5
Qe3 60. f6 Kxf6 61. Kh4 Kg6 62. g5 Qxg5+ 63. Kh3 Kf5 0-1

[Event "Speed Chess Super Swiss"]
[Site "chess.com INT"]
[Date "2020.10.03"]
[Round "13"]
[White "Tabatabaei, Mohammad Amin"]
[Black "Kamsky, Gata"]
[Result "1-0"]
[WhiteElo "2629"]
[BlackElo "2672"]
[PlyCount "135"]
[EventDate "2020.10.03"]
[EventType "swiss (blitz)"]
[EventRounds "15"]
[EventCountry "USA"]
[SourceTitle "EXT 2021"]
[Source "ChessBase"]
[SourceDate "2020.10.23"]
[SourceVersion "1"]
[SourceVersionDate "2020.10.23"]
[SourceQuality "1"]

1. d4 d5 2. Nf3 c6 3. c3 Nf6 4. Qc2 g6 5. h3 Bg7 6. Bf4 O-O 7. e3 Bf5 8. Qb3
Qb6 9. Nbd2 Nbd7 10. g4 Be4 11. Nxe4 Nxe4 12. Bd3 Nef6 13. Ke2 e6 14. Qxb6 axb6
15. a4 Rfc8 16. g5 Nh5 17. Bh2 Re8 18. Kd2 e5 19. Bf1 b5 20. a5 exd4 21. exd4
Bf8 22. Bd3 Ng7 23. h4 Re6 24. Bg3 Bd6 25. Bxd6 Rxd6 26. Nh2 h5 27. gxh6 Nh5
28. Ng4 Re6 29. Rhe1 Nf8 30. Rxe6 fxe6 31. Ne5 Kh7 32. a6 Rxa6 33. Rxa6 bxa6
34. Nxc6 Nd7 35. Ke3 Kxh6 36. f4 Kg7 37. Ne7 Nf8 38. b4 Kf6 39. Nc6 Nd7 40. Kf3
Ng7 41. Ne5 Nf8 42. Ng4+ Ke7 43. Ne5 Kf6 44. Kg4 Nf5 45. Bxf5 exf5+ 46. Kf3 Ke6
47. Nd3 Kd6 48. Nc5 Nd7 49. Nxa6 Nf6 50. Ke3 Ne4 51. Kd3 Nf2+ 52. Kc2 Nh3 53.
Nc5 Nxf4 54. Nb7+ Kc6 55. Nd8+ Kd7 56. Nf7 Ke6 57. Ne5 Kf6 58. Nd7+ Ke7 59. Ne5
Kf6 60. Kd2 Ng2 61. Nd7+ Ke7 62. Nb6 Kd6 63. Nc8+ Ke6 64. Na7 Nxh4 65. Nxb5 Kd7
66. Na3 Kc6 67. c4 Kb6 68. b5 1-0

[Event "Speed Chess Super Swiss"]
[Site "chess.com INT"]
[Date "2020.10.03"]
[Round "14"]
[White "Kamsky, Gata"]
[Black "Tica, Sven"]
[Result "1-0"]
[WhiteElo "2672"]
[BlackElo "2402"]
[PlyCount "51"]
[EventDate "2020.10.03"]
[EventType "swiss (blitz)"]
[EventRounds "15"]
[EventCountry "USA"]
[SourceTitle "EXT 2021"]
[Source "ChessBase"]
[SourceDate "2020.10.23"]
[SourceVersion "1"]
[SourceVersionDate "2020.10.23"]
[SourceQuality "1"]

1. d4 d5 2. Nf3 e6 3. Bf4 Bd6 4. e3 Qe7 5. Bg3 Nd7 6. Nbd2 c6 7. Bd3 e5 8. dxe5
Nxe5 9. Nxe5 Bxe5 10. c3 Nf6 11. Nf3 Bxg3 12. hxg3 Bg4 13. Qa4 Bxf3 14. gxf3 h6
15. g4 Nd7 16. O-O-O Nc5 17. Qd4 Ne6 18. Qe5 O-O-O 19. Bf5 Rhe8 20. Qxg7 Kb8
21. Bxe6 fxe6 22. Qxe7 Rxe7 23. Rxh6 Rg7 24. Rdh1 Rf7 25. f4 Rg8 26. g5 1-0

[Event "Speed Chess Super Swiss"]
[Site "chess.com INT"]
[Date "2020.10.03"]
[Round "15"]
[White "Kamsky, Gata"]
[Black "Jaracz, Pawel"]
[Result "1-0"]
[WhiteElo "2672"]
[BlackElo "2456"]
[PlyCount "73"]
[EventDate "2020.10.03"]
[EventType "swiss (blitz)"]
[EventRounds "15"]
[EventCountry "USA"]
[SourceTitle "EXT 2021"]
[Source "ChessBase"]
[SourceDate "2020.10.23"]
[SourceVersion "1"]
[SourceVersionDate "2020.10.23"]
[SourceQuality "1"]

1. d4 Nf6 2. Nf3 d5 3. Bf4 c5 4. e3 Nc6 5. Nbd2 Qb6 6. dxc5 Qxc5 7. a3 Bg4 8.
h3 Bh5 9. Be2 e6 10. O-O Be7 11. b4 Qb6 12. c4 O-O 13. c5 Qd8 14. b5 Na5 15.
Rc1 Rc8 16. c6 bxc6 17. bxc6 Rxc6 18. Qa4 Rxc1 19. Rxc1 Ne8 20. g4 Bg6 21. Ne5
Nd6 22. Qd4 Qb6 23. Qxb6 axb6 24. Nd7 Rc8 25. Rxc8+ Nxc8 26. a4 Bb4 27. Nf3 f6
28. Bc7 Nc4 29. Nd4 e5 30. Nc6 Bc5 31. Nxc5 bxc5 32. a5 Be8 33. Nb8 Bb5 34. g5
Na3 35. Bg4 c4 36. Bxc8 Kf8 37. Bd6+ 1-0